000 003080000a22001450004500
003 MACL
040 _aMACL
090 _c48996
_d48994
100 _aHussain,Meher Fatima
245 _aSyed Zahoor Qasim
260 _aNew Delhi
_bManak
_c2011
350 _a550
650 _aBiography
942 _cBOOK
_k920/HUS
999 _c48475
_d48475